Everton Squad 2014/2015 - Statistics

General Stats
  • This quiz has been taken 754 times
  • The average score is 20 of 34
Answer Stats
Number Nationality Position Answer % Correct
10 Belgium FW Romelu Lukaku
95%
24 United States GK Tim Howard
93%
3 England DF Leighton Baines
92%
23 Ireland DF Seamus Coleman
89%
6 England DF Phil Jagielka
88%
11 Belgium FW Kevin Mirallas
84%
1 Spain GK Joel Robles
80%
14 Scotland FW Steven Naismith
80%
16 Ireland MF James McCarthy
78%
9 Ivory Coast FW Arouna Kone
76%
/ Spain COACH Roberto Martinez
76%
5 Cameroon FW Samuel Eto'o
76%
15 France DF Sylvain Distin
75%
17 Bosnia and Herzegovina MF Muhamed Besic
74%
22 South Africa MF Steven Pienaar
74%
26 England DF John Stones
71%
8 Costa Rica MF Bryan Oviedo
70%
20 England MF Ross Barkley
70%
7 Ireland MF Aiden McGeady
69%
4 Ireland MF Darron Gibson
67%
18 England MF Gareth Barry
62%
2 England DF Tony Hibbert
62%
21 England MF Leon Osman
59%
30 Paraguay DF Antolin Alcaraz
48%
19 Ghana MF Christian Atsu
48%
27 England DF Tyias Browning
33%
29 England DF Luke Garbutt
32%
32 England DF Brendan Galloway
24%
36 Czech Republic GK Jindrich Stanek
24%
35 England FW Conor McAleny
21%
38 England DF Matthew Pennington
15%
41 England FW Chris Long
12%
39 Egnland MF Conor Grant
7%
40 Ireland FW Sam Byrne
4%
No matching quizzes found
Score Distribution
Percent of People with Each Score
Percentile by Number Answered
Your Score History
You have not taken this quiz